| 000 | 00540nam a22001817a 4500 | ||
|---|---|---|---|
| 005 | 20231113092256.0 | ||
| 008 | 231113b |||||||| |||| 00| 0 eng d | ||
| 020 | _a0459551442 | ||
| 041 | _aEnglish | ||
| 082 | _a345.7 TRO | ||
| 100 |
_aTrotter, GT _lEnglish |
||
| 245 |
_aThe Law of Bail in Canada / _cGT Trotter |
||
| 250 | _aFirst Edition | ||
| 260 |
_aCanada : _bThomas Professional Publishing, _c1992 |
||
| 300 |
_bxlvi, 414 pages ; _c24,3 cm. |
||
| 650 |
_aLegal practice _bLaw |
||
| 942 |
_cBK _6ALISON_BN_VRIES |
||
| 999 |
_c549 _d549 |
||